Freiburg Full Squads (2000-) - Statistics

General Stats
  • This quiz has been taken 96 times
  • The average score is 207 of 625
Answer Stats
Year # Pos/Country Answer % Correct
2011-2012 28 DF Matthias Ginter
89%
2012-2013 28 DF Matthias Ginter
89%
2013-2014 28 DF Matthias Ginter
89%
2022-2023 28 DF Matthias Ginter
89%
2023-2024 28 DF Matthias Ginter
89%
2024-2025 28 DF Matthias Ginter
89%
2015-2016 32 FW Vincenzo Grifo
87%
2016-2017 32 FW Vincenzo Grifo
87%
2018-2019 32 FW Vincenzo Grifo
87%
2019-2020 32 FW Vincenzo Grifo
87%
2020-2021 32 FW Vincenzo Grifo
87%
2021-2022 32 FW Vincenzo Grifo
87%
2022-2023 32 FW Vincenzo Grifo
87%
2023-2024 32 FW Vincenzo Grifo
87%
2024-2025 32 FW Vincenzo Grifo
87%
2012-2013 30 DF Christian Günter
82%
2013-2014 30 DF Christian Günter
82%
2014-2015 30 DF Christian Günter
82%
2015-2016 30 DF Christian Günter
82%
2016-2017 30 DF Christian Günter
82%
2017-2018 30 DF Christian Günter
82%
2018-2019 30 DF Christian Günter
82%
2019-2020 30 DF Christian Günter
82%
2020-2021 30 DF Christian Günter
82%
2021-2022 30 DF Christian Günter
82%
2022-2023 30 DF Christian Günter
82%
2023-2024 30 DF Christian Günter
82%
2024-2025 30 DF Christian Günter
82%
2018-2019 26 GK Mark Flekken
80%
2019-2020 26 GK Mark Flekken
80%
2020-2021 26 GK Mark Flekken
80%
2021-2022 26 GK Mark Flekken
80%
2022-2023 26 GK Mark Flekken
80%
2022-2023 42 FW Ritsu Doan
80%
2023-2024 42 FW Ritsu Doan
80%
2024-2025 42 FW Ritsu Doan
80%
2018-2019 22 FW Roland Sallai
80%
2019-2020 22 FW Roland Sallai
80%
2020-2021 22 FW Roland Sallai
80%
2021-2022 22 FW Roland Sallai
80%
2022-2023 22 FW Roland Sallai
80%
2023-2024 22 FW Roland Sallai
80%
2020-2021 21 GK Florian Müller
78%
2023-2024 21 GK Florian Müller
78%
2024-2025 21 GK Florian Müller
78%
2017-2018 9 FW Lucas Höler
78%
2018-2019 9 FW Lucas Höler
78%
2019-2020 9 FW Lucas Höler
78%
2020-2021 9 FW Lucas Höler
78%
2021-2022 9 FW Lucas Höler
78%
2022-2023 9 FW Lucas Höler
78%
2023-2024 9 FW Lucas Höler
78%
2024-2025 9 FW Lucas Höler
78%
2022-2023 38 FW Michael Gregoritsch
78%
2023-2024 38 FW Michael Gregoritsch
78%
2024-2025 38 FW Michael Gregoritsch
78%
2008-2009 39 GK Michael Müller
76%
2017-2018 3 DF Philipp Lienhart
76%
2018-2019 3 DF Philipp Lienhart
76%
2019-2020 3 DF Philipp Lienhart
76%
2020-2021 3 DF Philipp Lienhart
76%
2021-2022 3 DF Philipp Lienhart
76%
2022-2023 3 DF Philipp Lienhart
76%
2023-2024 3 DF Philipp Lienhart
76%
2024-2025 3 DF Philipp Lienhart
76%
2000-2001 13 DF Stefan Müller
76%
2001-2002 13 DF Stefan Müller
76%
2002-2003 13 DF Stefan Müller
76%
2003-2004 13 DF Stefan Müller
76%
2004-2005 13 DF Stefan Müller
76%
2021-2022 8 MF Maximilian Eggestein
75%
2022-2023 8 MF Maximilian Eggestein
75%
2023-2024 8 MF Maximilian Eggestein
75%
2024-2025 8 MF Maximilian Eggestein
75%
2022-2023 21 GK Noah Atubolu
75%
2023-2024 1 GK Noah Atubolu
75%
2024-2025 1 GK Noah Atubolu
75%
2020-2021 11 FW Ermedin Demirovic
71%
2021-2022 11 FW Ermedin Demirovic
71%
2013-2014 27 MF Nicolas Höfler
69%
2014-2015 27 MF Nicolas Höfler
69%
2015-2016 27 MF Nicolas Höfler
69%
2016-2017 27 MF Nicolas Höfler
69%
2017-2018 27 MF Nicolas Höfler
69%
2018-2019 27 MF Nicolas Höfler
69%
2019-2020 27 MF Nicolas Höfler
69%
2020-2021 27 MF Nicolas Höfler
69%
2021-2022 27 MF Nicolas Höfler
69%
2022-2023 27 MF Nicolas Höfler
69%
2023-2024 27 MF Nicolas Höfler
69%
2024-2025 27 MF Nicolas Höfler
69%
2011-2012 17 MF Jonathan Schmid
67%
2012-2013 17 MF Jonathan Schmid
67%
2013-2014 17 MF Jonathan Schmid
67%
2014-2015 17 MF Jonathan Schmid
67%
2019-2020 7 MF Jonathan Schmid
67%
2020-2021 7 MF Jonathan Schmid
67%
2021-2022 7 MF Jonathan Schmid
67%
2014-2015 18 FW Nils Petersen
67%
2015-2016 18 FW Nils Petersen
67%
2016-2017 18 FW Nils Petersen
67%
2017-2018 18 FW Nils Petersen
67%
2018-2019 18 FW Nils Petersen
67%
2019-2020 18 FW Nils Petersen
67%
2020-2021 18 FW Nils Petersen
67%
2021-2022 18 FW Nils Petersen
67%
2022-2023 18 FW Nils Petersen
67%
2016-2017 17 DF Lukas Kübler
64%
2017-2018 17 DF Lukas Kübler
64%
2018-2019 17 DF Lukas Kübler
64%
2019-2020 17 DF Lukas Kübler
64%
2020-2021 17 DF Lukas Kübler
64%
2021-2022 17 DF Lukas Kübler
64%
2022-2023 17 DF Lukas Kübler
64%
2023-2024 17 DF Lukas Kübler
64%
2024-2025 17 DF Lukas Kübler
64%
2014-2015 26 FW Maximilian Philipp
64%
2015-2016 26 FW Maximilian Philipp
64%
2016-2017 26 FW Maximilian Philipp
64%
2023-2024 26 FW Maximilian Philipp
64%
2024-2025 26 FW Maximilian Philipp
64%
2021-2022 25 DF Kiliann Sildillia
62%
2022-2023 25 DF Kiliann Sildillia
62%
2023-2024 25 DF Kiliann Sildillia
62%
2024-2025 25 DF Kiliann Sildillia
62%
2020-2021 29 MF Woo-yeong Jeong
62%
2021-2022 29 MF Woo-yeong Jeong
62%
2022-2023 29 MF Woo-yeong Jeong
62%
2023-2024 20 FW Junior Adamu
60%
2024-2025 20 FW Junior Adamu
60%
2009-2010 37 GK Oliver Baumann
60%
2010-2011 37 GK Oliver Baumann
60%
2011-2012 1 GK Oliver Baumann
60%
2012-2013 1 GK Oliver Baumann
60%
2013-2014 1 GK Oliver Baumann
60%
2023-2024 33 DF Jordy Makengo
55%
2024-2025 33 DF Jordy Makengo
55%
2008-2009 23 MF Julian Schuster
55%
2009-2010 23 MF Julian Schuster
55%
2010-2011 23 MF Julian Schuster
55%
2011-2012 23 MF Julian Schuster
55%
2012-2013 23 MF Julian Schuster
55%
2013-2014 23 MF Julian Schuster
55%
2014-2015 23 MF Julian Schuster
55%
2015-2016 23 MF Julian Schuster
55%
2016-2017 23 MF Julian Schuster
55%
2017-2018 23 MF Julian Schuster
55%
2022-2023 35 DF Kenneth Schmidt
55%
2023-2024 4 DF Kenneth Schmidt
55%
2020-2021 8 MF Baptiste Santamaria
53%
2021-2022 8 MF Baptiste Santamaria
53%
2009-2010 9 FW Papiss Demba Cissé
53%
2010-2011 9 FW Papiss Demba Cissé
53%
2011-2012 9 FW Papiss Demba Cissé
53%
2013-2014 21 GK Alexander Schwolow
51%
2015-2016 1 GK Alexander Schwolow
51%
2016-2017 1 GK Alexander Schwolow
51%
2017-2018 1 GK Alexander Schwolow
51%
2018-2019 1 GK Alexander Schwolow
51%
2019-2020 1 GK Alexander Schwolow
51%
2023-2024 6 DF Attila Szalai
51%
2024-2025 18 FW Eren Dinkçi
51%
2012-2013 20 FW Max Kruse
49%
2024-2025 6 MF Patrick Osterhage
49%
2001-2002 38 DF Benjamin Kruse
47%
2002-2003 38 DF Benjamin Kruse
47%
2016-2017 5 DF Manuel Gulde
47%
2017-2018 5 DF Manuel Gulde
47%
2018-2019 5 DF Manuel Gulde
47%
2019-2020 5 DF Manuel Gulde
47%
2020-2021 5 DF Manuel Gulde
47%
2021-2022 5 DF Manuel Gulde
47%
2022-2023 5 DF Manuel Gulde
47%
2023-2024 5 DF Manuel Gulde
47%
2023-2024 34 MF Merlin Röhl
47%
2024-2025 34 MF Merlin Röhl
47%
2000-2001 9 FW Alexander Iashvili
44%
2001-2002 9 FW Alexander Iashvili
44%
2002-2003 9 FW Alexander Iashvili
44%
2003-2004 9 FW Alexander Iashvili
44%
2004-2005 9 FW Alexander Iashvili
44%
2005-2006 9 FW Alexander Iashvili
44%
2006-2007 9 FW Alexander Iashvili
44%
2018-2019 31 DF Keven Schlotterbeck
44%
2020-2021 31 DF Keven Schlotterbeck
44%
2021-2022 31 DF Keven Schlotterbeck
44%
2022-2023 31 DF Keven Schlotterbeck
44%
2024-2025 37 DF Max Rosenfelder
44%
2018-2019 49 DF Nico Schlotterbeck
44%
2019-2020 4 DF Nico Schlotterbeck
44%
2021-2022 4 DF Nico Schlotterbeck
44%
2024-2025 19 FW Niklas Beste
44%
2013-2014 14 FW Admir Mehmedi
42%
2014-2015 14 FW Admir Mehmedi
42%
2009-2010 40 FW Daniel Caligiuri
42%
2010-2011 40 FW Daniel Caligiuri
42%
2011-2012 40 FW Daniel Caligiuri
42%
2012-2013 40 FW Daniel Caligiuri
42%
2023-2024 23 FW Florent Muslija
40%
2024-2025 23 FW Florent Muslija
40%
2021-2022 33 FW Noah Weißhaupt
40%
2022-2023 33 FW Noah Weißhaupt
40%
2023-2024 7 FW Noah Weißhaupt
40%
2024-2025 7 FW Noah Weißhaupt
40%
2007-2008 2 DF Pavel Krmas
40%
2008-2009 2 DF Pavel Krmas
40%
2009-2010 2 DF Pavel Krmas
40%
2010-2011 2 DF Pavel Krmas
40%
2011-2012 2 DF Pavel Krmas
40%
2012-2013 2 DF Pavel Krmas
40%
2013-2014 2 DF Pavel Krmas
40%
2014-2015 2 DF Pavel Krmas
40%
2019-2020 36 MF Yannik Keitel
40%
2020-2021 36 MF Yannik Keitel
40%
2021-2022 14 MF Yannik Keitel
40%
2022-2023 14 MF Yannik Keitel
40%
2023-2024 14 MF Yannik Keitel
40%
2015-2016 6 MF Amir Abrashi
38%
2016-2017 6 MF Amir Abrashi
38%
2017-2018 6 MF Amir Abrashi
38%
2018-2019 6 MF Amir Abrashi
38%
2019-2020 6 MF Amir Abrashi
38%
2020-2021 6 MF Amir Abrashi
38%
2009-2010 7 MF Cédric Makiadi
38%
2010-2011 7 MF Cédric Makiadi
38%
2011-2012 7 MF Cédric Makiadi
38%
2012-2013 7 MF Cédric Makiadi
38%
2018-2019 11 FW Luca Waldschmidt
38%
2019-2020 11 FW Luca Waldschmidt
38%
2000-2001 11 MF Marco Weißhaupt
38%
2014-2015 1 GK Roman Bürki
36%
2022-2023 11 MF Daniel-Kofi Kyereh
35%
2021-2022 20 FW Kevin Schade
35%
2022-2023 20 FW Kevin Schade
35%
2011-2012 25 DF Oliver Sorg
35%
2012-2013 25 DF Oliver Sorg
35%
2013-2014 25 DF Oliver Sorg
35%
2014-2015 25 DF Oliver Sorg
35%
2021-2022 2 DF Hugo Siquet
33%
2022-2023 2 DF Hugo Siquet
33%
2008-2009 18 MF Johannes Flum
33%
2009-2010 18 MF Johannes Flum
33%
2010-2011 18 MF Johannes Flum
33%
2011-2012 18 MF Johannes Flum
33%
2012-2013 18 MF Johannes Flum
33%
2011-2012 31 FW Karim Guédé
33%
2012-2013 31 FW Karim Guédé
33%
2013-2014 31 FW Karim Guédé
33%
2014-2015 31 FW Karim Guédé
33%
2015-2016 31 FW Karim Guédé
33%
2016-2017 31 FW Karim Guédé
33%
2009-2010 24 DF Mensur Mujdza
33%
2010-2011 24 DF Mensur Mujdza
33%
2011-2012 24 DF Mensur Mujdza
33%
2012-2013 24 DF Mensur Mujdza
33%
2013-2014 24 DF Mensur Mujdza
33%
2014-2015 24 DF Mensur Mujdza
33%
2015-2016 24 DF Mensur Mujdza
33%
2008-2009 38 DF Ömer Toprak
33%
2009-2010 38 DF Ömer Toprak
33%
2010-2011 58 DF Ömer Toprak
33%
2016-2017 4 DF Çağlar Söyüncü
31%
2017-2018 4 DF Çağlar Söyüncü
31%
2019-2020 28 FW Chang-hoon Kwon
31%
2020-2021 28 FW Chang-hoon Kwon
31%
2004-2005 38 DF Dennis Aogo
31%
2005-2006 6 DF Dennis Aogo
31%
2006-2007 6 DF Dennis Aogo
31%
2007-2008 6 DF Dennis Aogo
31%
2018-2019 23 DF Dominique Heintz
31%
2019-2020 23 DF Dominique Heintz
31%
2020-2021 23 DF Dominique Heintz
31%
2021-2022 23 DF Dominique Heintz
31%
2015-2016 7 FW Florian Niederlechner
31%
2016-2017 7 FW Florian Niederlechner
31%
2017-2018 7 FW Florian Niederlechner
31%
2018-2019 7 FW Florian Niederlechner
31%
2024-2025 44 MF Johan Manzambi
31%
2000-2001 10 DF Levan Kobiashvili
31%
2001-2002 10 DF Levan Kobiashvili
31%
2002-2003 10 DF Levan Kobiashvili
31%
2014-2015 8 MF Mike Frantz
31%
2015-2016 8 MF Mike Frantz
31%
2016-2017 8 MF Mike Frantz
31%
2017-2018 8 MF Mike Frantz
31%
2018-2019 8 MF Mike Frantz
31%
2019-2020 8 MF Mike Frantz
31%
2008-2009 1 GK Simon Pouplin
31%
2009-2010 1 GK Simon Pouplin
31%
2010-2011 1 GK Simon Pouplin
31%
2000-2001 18 MF Vladimir But
31%
2001-2002 18 MF Vladimir But
31%
2002-2003 18 MF Vladimir But
31%
2007-2008 5 DF Heiko Butscher
29%
2008-2009 5 DF Heiko Butscher
29%
2009-2010 5 DF Heiko Butscher
29%
2010-2011 5 DF Heiko Butscher
29%
2011-2012 5 DF Heiko Butscher
29%
2017-2018 25 DF Robin Koch
29%
2018-2019 25 DF Robin Koch
29%
2019-2020 25 DF Robin Koch
29%
2010-2011 19 FW Erik Jendrisek
27%
2011-2012 26 FW Erik Jendrisek
27%
2012-2013 26 FW Erik Jendrisek
27%
2005-2006 27 FW Jonathan Pitroipa
27%
2006-2007 8 FW Jonathan Pitroipa
27%
2007-2008 8 FW Jonathan Pitroipa
27%
2024-2025 43 DF Bruno Ogbus
25%
2009-2010 3 DF Felix Bastians
25%
2010-2011 3 DF Felix Bastians
25%
2011-2012 3 DF Felix Bastians
25%
2014-2015 3 DF Marc Torrejón
25%
2015-2016 3 DF Marc Torrejón
25%
2016-2017 3 DF Marc Torrejón
25%
2015-2016 9 FW Tim Kleindienst
25%
2017-2018 34 FW Tim Kleindienst
25%
2018-2019 34 FW Tim Kleindienst
25%
2000-2001 29 DF Tobias Willi
25%
2001-2002 29 DF Tobias Willi
25%
2002-2003 29 DF Tobias Willi
25%
2003-2004 29 DF Tobias Willi
25%
2004-2005 29 DF Tobias Willi
25%
2013-2014 7 MF Vladimír Darida
25%
2014-2015 7 MF Vladimír Darida
25%
2020-2021 1 GK Benjamin Uphoff
24%
2021-2022 1 GK Benjamin Uphoff
24%
2012-2013 22 FW Marco Terrazzino
24%
2017-2018 13 FW Marco Terrazzino
24%
2018-2019 13 FW Marco Terrazzino
24%
2007-2008 18 FW Mohamadou Idrissou
24%
2008-2009 8 FW Mohamadou Idrissou
24%
2009-2010 8 FW Mohamadou Idrissou
24%
2000-2001 22 FW Régis Dorn
24%
2001-2002 22 FW Régis Dorn
24%
2004-2005 26 FW Régis Dorn
24%
2022-2023 23 MF Robert Wagner
24%
2002-2003 22 DF Sascha Riether
24%
2003-2004 22 DF Sascha Riether
24%
2004-2005 22 DF Sascha Riether
24%
2005-2006 22 DF Sascha Riether
24%
2006-2007 22 DF Sascha Riether
24%
2014-2015 22 DF Sascha Riether
24%
2009-2010 6 DF Du-ri Cha
22%
2005-2006 40 FW Karim Matmour
22%
2006-2007 40 FW Karim Matmour
22%
2007-2008 40 FW Karim Matmour
22%
2000-2001 6 MF Sebastian Kehl
22%
2001-2002 6 MF Sebastian Kehl
22%
2013-2014 4 MF Gelson Fernandes
20%
2015-2016 14 FW Havard Nielsen
20%
2014-2015 15 DF Stefan Mitrovic
20%
2016-2017 2 MF Aleksandar Ignjovski
18%
2013-2014 36 MF Felix Klaus
18%
2014-2015 36 MF Felix Klaus
18%
2016-2017 19 MF Janik Haberer
18%
2017-2018 19 MF Janik Haberer
18%
2018-2019 19 MF Janik Haberer
18%
2019-2020 19 MF Janik Haberer
18%
2020-2021 19 MF Janik Haberer
18%
2021-2022 19 MF Janik Haberer
18%
2014-2015 20 DF Marc Oliver Kempf
18%
2015-2016 20 DF Marc Oliver Kempf
18%
2016-2017 20 DF Marc Oliver Kempf
18%
2017-2018 20 DF Marc Oliver Kempf
18%
2015-2016 15 DF Pascal Stenzel
18%
2016-2017 15 DF Pascal Stenzel
18%
2017-2018 15 DF Pascal Stenzel
18%
2018-2019 15 DF Pascal Stenzel
18%
2002-2003 6 MF Zlatan Bajramovic
18%
2003-2004 6 MF Zlatan Bajramovic
18%
2004-2005 6 MF Zlatan Bajramovic
18%
2006-2007 36 DF Daniel Schwaab
16%
2007-2008 36 DF Daniel Schwaab
16%
2008-2009 36 DF Daniel Schwaab
16%
2020-2021 14 MF Guus Til
16%
2011-2012 41 DF Immanuel Höhn
16%
2012-2013 41 DF Immanuel Höhn
16%
2013-2014 41 DF Immanuel Höhn
16%
2014-2015 41 DF Immanuel Höhn
16%
2015-2016 4 DF Immanuel Höhn
16%
2007-2008 15 DF Oliver Barth
16%
2008-2009 15 DF Oliver Barth
16%
2009-2010 15 DF Oliver Barth
16%
2010-2011 15 DF Oliver Barth
16%
2011-2012 15 DF Oliver Barth
16%
2016-2017 44 GK Rafal Gikiewicz
16%
2000-2001 1 GK Richard Golz
16%
2001-2002 1 GK Richard Golz
16%
2002-2003 1 GK Richard Golz
16%
2003-2004 1 GK Richard Golz
16%
2004-2005 1 GK Richard Golz
16%
2005-2006 1 GK Richard Golz
16%
2017-2018 14 FW Ryan Kent
16%
2012-2013 6 DF Vegar Hedenstad
16%
2015-2016 2 DF Vegar Hedenstad
16%
2000-2001 17 DF Boubacar Diarra
15%
2001-2002 17 DF Boubacar Diarra
15%
2002-2003 17 DF Boubacar Diarra
15%
2003-2004 17 DF Boubacar Diarra
15%
2004-2005 17 DF Boubacar Diarra
15%
2005-2006 17 DF Boubacar Diarra
15%
2006-2007 17 DF Boubacar Diarra
15%
2011-2012 13 DF Fallou Diagne
15%
2012-2013 3 DF Fallou Diagne
15%
2013-2014 3 DF Fallou Diagne
15%
2013-2014 20 MF Francis Coquelin
15%
2012-2013 9 FW Ivan Santini
15%
2010-2011 8 FW Jan Rosenthal
15%
2011-2012 8 FW Jan Rosenthal
15%
2012-2013 8 FW Jan Rosenthal
15%
2013-2014 9 FW Mike Hanke
15%
2007-2008 20 MF Ivica Banovic
13%
2008-2009 20 MF Ivica Banovic
13%
2009-2010 20 MF Ivica Banovic
13%
2010-2011 20 MF Ivica Banovic
13%
2009-2010 39 DF Jackson Mendy
13%
2018-2019 20 MF Jérôme Gondorf
13%
2019-2020 20 MF Jérôme Gondorf
13%
2007-2008 21 GK Michael Langer
13%
2008-2009 21 GK Michael Langer
13%
2011-2012 35 FW Sebastian Freis
13%
2012-2013 35 FW Sebastian Freis
13%
2013-2014 35 FW Sebastian Freis
13%
2014-2015 35 FW Sebastian Freis
13%
2014-2015 21 GK Sebastian Mielitz
13%
2000-2001 30 MF Soumaila Coulibaly
13%
2001-2002 12 MF Soumaila Coulibaly
13%
2002-2003 12 MF Soumaila Coulibaly
13%
2003-2004 10 MF Soumaila Coulibaly
13%
2004-2005 10 MF Soumaila Coulibaly
13%
2005-2006 10 MF Soumaila Coulibaly
13%
2006-2007 10 MF Soumaila Coulibaly
13%
2000-2001 4 MF Andreas Zeyer
11%
2001-2002 4 MF Andreas Zeyer
11%
2002-2003 4 MF Andreas Zeyer
11%
2003-2004 4 MF Andreas Zeyer
11%
2015-2016 33 MF Caleb Stanko
11%
2017-2018 33 MF Caleb Stanko
11%
2011-2012 11 FW Garra Dembélé
11%
2012-2013 11 FW Garra Dembélé
11%
2016-2017 24 DF Georg Niedermeier
11%
2000-2001 33 FW Ibrahim Tanko
11%
2001-2002 33 FW Ibrahim Tanko
11%
2002-2003 33 FW Ibrahim Tanko
11%
2003-2004 33 FW Ibrahim Tanko
11%
2004-2005 33 FW Ibrahim Tanko
11%
2005-2006 33 FW Ibrahim Tanko
11%
2006-2007 33 FW Ibrahim Tanko
11%
2007-2008 11 FW Jonathan Jäger
11%
2008-2009 11 FW Jonathan Jäger
11%
2009-2010 11 FW Jonathan Jäger
11%
2010-2011 11 FW Jonathan Jäger
11%
2003-2004 12 MF Roda Antar
11%
2004-2005 20 MF Roda Antar
11%
2005-2006 20 MF Roda Antar
11%
2006-2007 20 MF Roda Antar
11%
2009-2010 27 FW Stefan Reisinger
11%
2010-2011 27 FW Stefan Reisinger
11%
2011-2012 27 FW Stefan Reisinger
11%
2008-2009 13 FW Tommy Bechmann
11%
2009-2010 13 FW Tommy Bechmann
11%
2008-2009 6 FW Yacine Abdessadki
11%
2009-2010 10 FW Yacine Abdessadki
11%
2010-2011 6 FW Yacine Abdessadki
11%
2011-2012 6 FW Yacine Abdessadki
11%
2017-2018 16 FW Yoric Ravet
11%
2004-2005 3 DF Youssef Mohamad
11%
2005-2006 3 DF Youssef Mohamad
11%
2006-2007 3 DF Youssef Mohamad
11%
2000-2001 14 FW Abder Ramdane
9%
2001-2002 14 FW Abder Ramdane
9%
2002-2003 14 FW Abder Ramdane
9%
2000-2001 32 FW Adel Sellimi
9%
2001-2002 11 FW Adel Sellimi
9%
2002-2003 11 FW Adel Sellimi
9%
2005-2006 31 GK Alexander Walke
9%
2006-2007 1 GK Alexander Walke
9%
2007-2008 1 GK Alexander Walke
9%
2015-2016 34 FW Amir Falahen
9%
2007-2008 19 MF Andreas Glockner
9%
2008-2009 19 MF Andreas Glockner
9%
2011-2012 20 DF Andreas Hinkel
9%
2004-2005 19 DF Andreas Ibertsberger
9%
2005-2006 19 DF Andreas Ibertsberger
9%
2006-2007 19 DF Andreas Ibertsberger
9%
2007-2008 19 DF Andreas Ibertsberger
9%
2017-2018 32 MF Bartosz Kapustka
9%
2019-2020 21 FW Brandon Borrello
9%
2002-2003 15 DF Bruno Berner
9%
2003-2004 15 DF Bruno Berner
9%
2004-2005 15 DF Bruno Berner
9%
2006-2007 16 FW Cafú
9%
2007-2008 17 FW Cafú
9%
2006-2007 31 GK Carsten Nulle
9%
2007-2008 31 GK Carsten Nulle
9%
2000-2001 2 DF Daniel Schumann
9%
2002-2003 2 DF Daniel Schumann
9%
2003-2004 2 DF Daniel Schumann
9%
2004-2005 2 DF Daniel Schumann
9%
2009-2010 28 MF Danny Williams
9%
2010-2011 28 MF Danny Williams
9%
2003-2004 11 FW Dennis Kruppke
9%
2004-2005 11 FW Dennis Kruppke
9%
2005-2006 11 FW Dennis Kruppke
9%
2006-2007 11 FW Dennis Kruppke
9%
2007-2008 22 DF Eke Uzoma
9%
2008-2009 22 DF Eke Uzoma
9%
2009-2010 22 DF Eke Uzoma
9%
2003-2004 8 FW Ellery Cairo
9%
2004-2005 8 FW Ellery Cairo
9%
2000-2001 20 MF Ferydoon Zandi
9%
2001-2002 20 MF Ferydoon Zandi
9%
2000-2001 23 MF Florian Bruns
9%
2001-2002 23 MF Florian Bruns
9%
2002-2003 23 MF Florian Bruns
9%
2017-2018 38 FW Florian Kath
9%
2006-2007 25 FW Henrich Bencik
9%
2007-2008 25 FW Henrich Bencik
9%
2015-2016 25 DF Jonas Föhrenbach
9%
2016-2017 25 DF Jonas Föhrenbach
9%
2000-2001 3 MF Levan Tskitishvili
9%
2001-2002 7 MF Levan Tskitishvili
9%
2002-2003 7 MF Levan Tskitishvili
9%
2003-2004 7 MF Levan Tskitishvili
9%
2004-2005 7 MF Levan Tskitishvili
9%
2019-2020 34 MF Lino Tempelmann
9%
2020-2021 34 MF Lino Tempelmann
9%
2009-2010 26 GK Manuel Salz
9%
2014-2015 16 MF Mats Møller Dæhli
9%
2015-2016 16 MF Mats Møller Dæhli
9%
2016-2017 16 MF Mats Møller Dæhli
9%
2010-2011 10 DF Maximilian Nicu
9%
2019-2020 40 GK Niclas Thiede
9%
2004-2005 4 DF Otar Khizaneishvili
9%
2005-2006 4 DF Otar Khizaneishvili
9%
2006-2007 4 DF Otar Khizaneishvili
9%
2000-2001 5 DF Oumar Kondé
9%
2001-2002 5 DF Oumar Kondé
9%
2002-2003 5 DF Oumar Kondé
9%
2003-2004 5 DF Oumar Kondé
9%
2004-2005 5 DF Oumar Kondé
9%
2006-2007 30 FW Owusu Ampomah
9%
2015-2016 21 GK Patric Klandt
9%
2013-2014 15 FW Philipp Zulechner
9%
2000-2001 12 MF Ralf Kohl
9%
2003-2004 18 DF Seyi Olajengbesi
9%
2004-2005 18 DF Seyi Olajengbesi
9%
2005-2006 18 DF Seyi Olajengbesi
9%
2006-2007 18 DF Seyi Olajengbesi
9%
2013-2014 8 MF Vaclav Pilar
9%
2017-2018 22 MF Vincent Sierro
9%
2003-2004 23 FW Wilfried Sanou
9%
2004-2005 23 FW Wilfried Sanou
9%
2005-2006 23 FW Wilfried Sanou
9%
2006-2007 23 FW Wilfried Sanou
9%
2007-2008 23 FW Wilfried Sanou
9%
2000-2001 7 MF Zoubaier Baya
9%
2007-2008 17 MF Alain Junior Ollé Ollé
7%
2008-2009 17 MF Alain Junior Ollé Ollé
7%
2007-2008 7 MF Ali Güneş
7%
2008-2009 7 MF Ali Güneş
7%
2007-2008 13 FW Amir Akrout
7%
2001-2002 37 DF Andreas Kaufmann
7%
2005-2006 37 DF Andreas Kaufmann
7%
2010-2011 21 MF Anton Putilo
7%
2011-2012 14 MF Anton Putilo
7%
2012-2013 14 MF Anton Putilo
7%
2005-2006 2 MF Benjamin Baltes
7%
2000-2001 8 MF Björn Dreyer
7%
2018-2019 36 DF Chima Okoroji
7%
2014-2015 11 FW Dani Schahin
7%
2008-2009 30 MF David Targamadze
7%
2003-2004 21 DF Dennis Bührer
7%
2005-2006 21 DF Dennis Bührer
7%
2006-2007 21 DF Dennis Bührer
7%
2003-2004 35 GK Dominik Wohlfarth
7%
2005-2006 35 GK Dominik Wohlfarth
7%
2012-2013 21 FW Ezequiel Calvente
7%
2001-2002 28 MF Fabian Gerber
7%
2002-2003 28 MF Fabian Gerber
7%
2009-2010 14 MF Hamed Namouchi
7%
2013-2014 11 DF Hendrick Zuck
7%
2001-2002 26 MF Jan Männer
7%
2002-2003 26 MF Jan Männer
7%
2016-2017 22 MF Jonas Meffert
7%
2006-2007 32 GK Josip Solic
7%
2003-2004 36 GK Julian Reinard
7%
2010-2011 22 FW Kisho Yano
7%
2000-2001 16 DF Lars Hermel
7%
2001-2002 16 DF Lars Hermel
7%
2002-2003 16 DF Lars Hermel
7%
2003-2004 16 DF Lars Hermel
7%
2004-2005 16 DF Lars Hermel
7%
2005-2006 16 DF Lars Hermel
7%
2015-2016 35 MF Lucas Hufnagel
7%
2006-2007 29 DF Manuel Konrad
7%
2007-2008 29 DF Manuel Konrad
7%
2000-2001 21 GK Manuel Schoppel
7%
2001-2002 21 GK Manuel Schoppel
7%
2005-2006 5 MF Mark Fotheringham
7%
2013-2014 26 MF Nicolai Lorenzoni
7%
2005-2006 7 MF Niels Hansen
7%
2006-2007 7 MF Niels Hansen
7%
2016-2017 11 DF Onur Bulut
7%
2002-2003 20 FW Rolf-Christel Guié-Mien
7%
2003-2004 20 FW Rolf-Christel Guié-Mien
7%
2004-2005 12 FW Samuel Koejoe
7%
2005-2006 12 FW Samuel Koejoe
7%
2008-2009 25 DF Sandro Sirigu
7%
2012-2013 37 MF Sebastian Kerk
7%
2013-2014 37 MF Sebastian Kerk
7%
2014-2015 37 MF Sebastian Kerk
7%
2008-2009 10 FW Suat Türker
7%
2001-2002 24 GK Timo Reus
7%
2003-2004 24 GK Timo Reus
7%
2008-2009 9 FW Vitaliy Rodionov
7%
2020-2021 39 MF Carlo Boukhalfa
5%
2010-2011 35 DF Daniel Sereinig
5%
2007-2008 14 DF Kevin Schlitte
5%
2008-2009 14 DF Kevin Schlitte
5%
2023-2024 44 FW Maximilian Breunig
5%
2008-2009 27 MF Maximilian Mehring
5%
2002-2003 8 FW Michael Anicic
5%
2007-2008 9 FW Mirnes Mesic
5%
2010-2011 14 MF Zvonko Pamic
5%
No matching quizzes found
Score Distribution
Percent of People with Each Score
Percentile by Number Answered
Your Score History
You have not taken this quiz